000 00299nam a22001337a 4500
008 170606b xxu||||| |||| 00| 0 eng d
020 _a9780618473861
041 _aeng
080 _26 ED
_a94
100 _a18
101 _aSHH
245 _aSOURCES WESTERN TRADITION
_cPERRY.M
942 _2udc
_cBK
999 _c16012
_d16012